Iglesia y libertades políticas
Salvato in:
| Autore principale: | |
|---|---|
| Natura: | Libro |
| Lingua: | spagnolo |
| Pubblicazione: |
Madrid
Cristiandad
1964
|
| Serie: | Colección Cristianismo y Hombre Actual, 65
|
| Soggetti: | |
| Tags: |
Aggiungi Tag
Nessun Tag, puoi essere il primo ad aggiungerne!!
|
MARC
| LEADER | 00000nam a2200000 a 4500 | ||
|---|---|---|---|
| 001 | UCL5122 | ||
| 003 | CL-VaPUC | ||
| 008 | 040305e19640000SP |||||||||||||||||spa|d | ||
| 082 | 0 | 4 | |a 261.7 |b SET |2 21 |
| 100 | 0 | |a Setien, José María |e author |9 482802 | |
| 245 | 1 | 0 | |a Iglesia y libertades políticas |
| 300 | |a 405 p | ||
| 942 | |c BK | ||
| 945 | |d 20040305 00:00:00 |a vberengu | ||
| 260 | |a Madrid |b Cristiandad |c 1964 | ||
| 650 | 7 | |a IGLESIA Y POLITICA |2 CL-VaPUC |9 482803 | |
| 650 | 7 | |a IGLESIA Y SOCIEDAD |2 CL-VaPUC |9 399674 | |
| 650 | 7 | |a ORDEN SOCIAL |2 CL-VaPUC |9 384516 | |
| 650 | 0 | |a Bien común |9 346393 | |
| 650 | 0 | |a Libertad |9 255686 | |
| 583 | |a last modification |c 20040305 00:00:00 |k Rodrigo Vera | ||
| 490 | 0 | |a Colección Cristianismo y Hombre Actual, 65 | |
| 999 | |c 307791 |d 307789 | ||
| 952 | |0 0 |1 0 |4 0 |6 261_700000000000000_SET_1964 |7 0 |8 A |9 373911 |a BIBTEO |b BIBTEO |d 2019-11-21 |i 2104210 |o 261.7 SET 1964 |p 2104210 |r 2025-01-17 |w 2019-11-21 |y BK |k ICR | ||
| 952 | |0 0 |1 0 |4 0 |6 261_700000000000000_SET_1964 |7 0 |8 A |9 373912 |a BIBTEO |b BIBTEO |d 2019-11-21 |i 2104229 |o 261.7 SET 1964 |p 2104229 |r 2025-01-17 |w 2019-11-21 |y BK |k ICR | ||